Plod vínneho koreňa sväzok 38

Bibliographic Details
Main Author: Mosendz, Leonid, 1897-1948 (Author)
Format: Book
Language:English
PhysicalDescription:40 s.
Published: Bratislava Slovenská ovocinárska spoločnosť

MARC

LEADER 00000nam a2200000 a 4500
001 vtls001564962
003 SK-MaSNL
005 20260301151344.0
008 240313 000 0 eng
040 |a SNK  |b slo  |c SNK  |e AACR2 
100 1 |a Mosendz, Leonid,  |d 1897-1948  |4 aut  |9 221051 
245 1 |a Plod vínneho koreňa  |n sväzok 38 
260 |a Bratislava  |b Slovenská ovocinárska spoločnosť 
300 |a 40 s. 
999 |c 786413  |d 788343 
952 |a SNK  |b SNK  |y VYP  |7 0  |p 17A0466693  |o snkSD 1688/38 D1  |i snkKSF 2172/56  |3 Rekatalogizácia  |0 0  |1 0  |4 0  |d 2005-05-07  |l 0  |r 2026-02-24 01:20:48  |w 2026-02-24